Digital Signal Processing (Record no. 17983)

MARC details
000 -LEADER
fixed length control field 00410nam a2200169Ia 4500
008 - FIXED-LENGTH DATA ELEMENTS--GENERAL INFORMATION
fixed length control field 221030s9999 xx 000 0 und d
020 ## - INTERNATIONAL STANDARD BOOK NUMBER
ISBN 8120309472
041 ## - LANGUAGE CODE
Language code of text/sound track or separate title
100 ## - MAIN ENTRY--AUTHOR NAME
Personal name J. G. Proakis
245 #0 - TITLE STATEMENT
Title Digital Signal Processing
Statement of responsibility, etc by J. G. Proakis, Manolakis
250 ## - EDITION STATEMENT
Edition statement 2nd
260 ## - PUBLICATION, DISTRIBUTION, ETC. (IMPRINT)
Name of publisher PHI
Place of publication New Delhi
Year of publication 1995
300 ## - PHYSICAL DESCRIPTION
Number of Pages 969
650 ## - SUBJECT ADDED ENTRY--TOPICAL TERM
Topical Term BB Computer
700 ## - ADDED ENTRY--PERSONAL NAME
Personal name Manolakis
942 ## - ADDED ENTRY ELEMENTS (KOHA)
Koha item type Books
Holdings
Accession Number Cost, normal purchase price Source of acquisition Price effective from Koha item type Withdrawn / writtenoff status Materials specified (bound volume or other part) Damaged status Not for loan Permanent Location Current Location Shelving location Date acquired Lost/ Missing status department
BB 912 225.00 Donated By Prof V. K. Madan ( Ex. Prof. ECE Deptt. ) 10/30/2022 Books   Print     MIET Library, Jammu MIET Library, Jammu BL-Academic Block B, FL-2, CUP-104, SH-3, R-3 12/14/2018   BB